000 00435nam a2200193Ia 4500
003 0100
008 130303s9999 xx 000 0 und d
040 _cARRUPELIB
050 _aBL25.C3 1972
100 _aCapps, Walter H
245 _aWays of Understanding Religion
260 _aNew York
260 _bMacmillan Company
260 _C1972
300 _axvi
300 _b 399p. 24cm.
650 _aRELIGION
942 0 0 _01
999 _c32244
_d32244